• 首页
  • 本馆介绍
  • 公告通知
  • 最新文献
  • 馆藏检索
  • 电子资源
  • 读者导购
  • 参考咨询
  • 我的图书馆
  • 登录
  • 详细信息显示
  • 放入我的书架
  • 预约/预借图书
  • 作者相关作品
  • 分类相关作品
  • 丛书相关作品
  • 出版社相关作品

书目信息

  • 表格格式
  • 工作单格式
  • 卡片格式
题名:
安徽传统音乐教程
    
 
作者: 戎龚停 编著
分册:  
出版信息: 合肥   安徽文艺出版社  2020.12
页数: 220页
开本: 29cm
丛书名:
单 册:
中图分类: J605.2
科图分类:
主题词: 传统音乐--安徽--教材
电子资源:
ISBN: 978-7-5396-7024-9
000 01330nam0 2200241 45
001 012001001617
005 20141010153219.0
010    @a978-7-5396-7024-9@dCNY49.00
100    @a20210325d2020 em y0chiy50 ea
101 0  @achi
102    @aCN@b340000
105    @ag z 000yy
106    @ar
200 1  @a安徽传统音乐教程@Aan hui chuan tong yin yue jiao cheng@b专著@f戎龚停编著
210    @a合肥@c安徽文艺出版社@d2020.12
215    @a220页@d29cm
300    @a安徽省省级规划教材项目《安徽传统音乐教程》阜阳市人文社会科学研究专项重大项目“阜阳非物质文化遗产资源的旅游开发与应用”单阳师范大学与阜阳市教育局校地联合“乡土教育”课题成果培育专项项目“乡村振兴背景下乡土教育模式的建构与实践”
330    @a本书从艺术生态学视角、以作者的地方音乐文化游历考察为契机,以各个时代艺人群落为核心、以安徽地方音乐文化的人文历史地理生活为基础语境,动态记述了安徽各地代表性民歌歌种、舞蹈舞种、器乐乐种、曲艺曲种和戏曲剧种的生发进程以及各阶段艺术能量流动方向、音乐形态和历史轨迹;从民间艺人、戏曲班社到当代艺术院团主体群落的生活历程梳理了其间历时各阶段的安徽地方音乐生命体的人文主题和精神风貌,蕴含着一定的民族音乐学理念,对传承保护安徽地方传统音乐具有重要作用。
606 0  @a传统音乐@y安徽@j教材
690    @aJ605.2@v5
701  0 @a戎龚停@Arong gong ting@4编著
801  2 @aCN@b江苏凤凰@c20211018
905    @b1345047-50@dJ605.2@e1353@f4
    
    安徽传统音乐教程/戎龚停编著.-合肥:安徽文艺出版社,2020.12
    220页;29cm
    安徽省省级规划教材项目《安徽传统音乐教程》阜阳市人文社会科学研究专项重大项目“阜阳非物质文化遗产资源的旅游开发与应用”单阳师范大学与阜阳市教育局校地联合“乡土教育”课题成果培育专项项目“乡村振兴背景下乡土教育模式的建构与实践”
    
    ISBN 978-7-5396-7024-9:CNY49.00
    本书从艺术生态学视角、以作者的地方音乐文化游历考察为契机,以各个时代艺人群落为核心、以安徽地方音乐文化的人文历史地理生活为基础语境,动态记述了安徽各地代表性民歌歌种、舞蹈舞种、器乐乐种、曲艺曲种和戏曲剧种的生发进程以及各阶段艺术能量流动方向、音乐形态和历史轨迹;从民间艺人、戏曲班社到当代艺术院团主体群落的生活历程梳理了其间历时各阶段的安徽地方音乐生命体的人文主题和精神风貌,蕴含着一定的民族音乐学理念,对传承保护安徽地方传统音乐具有重要作用。
●
相关链接 在E读中查询图书 在五车中查询图书 在当当中查询图书 在豆瓣中查询图书


正题名:安徽传统音乐教程     索取号:J605.2/1353         预约/预借

序号 登录号 条形码 馆藏地/架位号 状态 备注
1 1345047   213450479   第一样本阅览室/ [索取号:J605.2/1353] 在馆    
2 1345048   213450488   第一借阅区/ [索取号:J605.2/1353] 在馆    
3 1345049   213450497   第一借阅区/ [索取号:J605.2/1353] 在馆    
4 1345050   213450503   第一借阅区/ [索取号:J605.2/1353] 在馆    
唐山师范学院图书馆 欢迎您!
大连网信软件有限公司© 版权所有